Imagine Dragons - Whatever it takes lyrics - Statistics

General Stats
  • This quiz has been taken 85 times
  • The average score is 313 of 451
Answer Stats
Lyrics % Correct
I
100%
it
97%
take
94%
what
94%
takes
92%
the
92%
to
92%
whatever
92%
do
90%
a
89%
in
89%
for
86%
me
83%
be
79%
this
79%
I'm
78%
my
78%
veins
78%
too
75%
when
75%
you
75%
'cause
73%
of
73%
an
71%
and
71%
adrenaline
70%
love
70%
break
68%
world
68%
could
67%
prepare
67%
ready
67%
fast
65%
fall
63%
chains
62%
Fallin'
62%
on
62%
that
62%
top
62%
down
60%
up
59%
your
59%
dangerous
57%
like
57%
rip
57%
wanna
57%
build
56%
everybody
54%
man
54%
trippin'
54%
born
52%
one
52%
out
52%
run
52%
end
51%
feels
51%
lip
51%
slip
51%
they
51%
was
51%
word
51%
box
49%
how
49%
I'll
49%
negative
49%
racehorse
49%
whip
49%
waitin'
48%
at
46%
go
46%
see
46%
upon
44%
part
43%
apostrophe
41%
catastrophe
41%
hopin'
41%
more
41%
proud
41%
pull
41%
vision
41%
just
40%
lost
40%
masterpiece
40%
nepotist
40%
there's
40%
we've
40%
letter
38%
remind
38%
times
38%
invisible
37%
is
37%
lookin'
37%
ripcord
37%
something
37%
symbol
37%
yeah
37%
circlin'
35%
feelin'
35%
half
35%
hypocritical
35%
prayin'
35%
hypothetical
33%
product
33%
system
33%
body
32%
son
32%
am
30%
deceased
30%
egotistical
30%
epoxy
30%
workin'
30%
years
30%
yet
30%
had
29%
martyrdom
29%
being
27%
die
27%
don't
27%
grave
27%
miserable
27%
never
27%
prodigal
27%
visual
27%
happily
25%
least
25%
typical
25%
vulturous
25%
always
24%
diseased
24%
'em
24%
fear
24%
hangin'
24%
leave
24%
needs
24%
parenthetical
24%
soul
24%
enough
22%
onto
22%
thee
17%
No matching quizzes found
Score Distribution
Percent of People with Each Score
Percentile by Number Answered
Your Score History
You have not taken this quiz